[Event "Int. Stuttgarter Stadtmeisterschaft B"]
[Site "Ditzingen"]
[Date "2014.05.31"]
[Round "6.5"]
[White "Ziegler, Michael"]
[Black "Schreiber, Stephan"]
[Result "1/2-1/2"]
[WhiteElo "1722"]
[BlackElo "1779"]
[PlyCount "45"]
[EventDate "2014.??.??"]
[WhiteTeam "SF 59 Kornwestheim"]
[BlackTeam "SC Schachmatt Botnang"]

1. e4 c5 2. Nf3 d6 3. d4 cxd4 4. Nxd4 Nf6 5. Nc3 a6 6. a4 e6 7. Be2 Be7 8. O-O
O-O 9. Be3 Qc7 10. Qd2 Nc6 11. Nxc6 Qxc6 12. f3 Rd8 13. a5 d5 14. Bb6 Bc5+ 15.
Bxc5 Qxc5+ 16. Kh1 Qc7 17. Rfd1 d4 18. Na4 e5 19. Nb6 Rb8 20. Ra4 Be6 21. Bc4
Qc6 22. Bxe6 Qxe6 23. Rc4 1/2-1/2

[Event "Int. Stuttgarter Stadtmeisterschaft B"]
[Site "Ditzingen"]
[Date "2014.05.31"]
[Round "6.6"]
[White "Mavropoulos, Georgios"]
[Black "Bausch, Jean"]
[Result "1-0"]
[WhiteElo "1886"]
[BlackElo "1791"]
[PlyCount "47"]
[EventDate "2014.??.??"]
[WhiteTeam "DJK Stuttgart-Süd"]
[BlackTeam "SC Unterhaching e.V."]

1. e4 c5 2. Nf3 d6 3. c4 Nc6 4. d4 cxd4 5. Nxd4 Nf6 6. Nc3 a6 7. Be2 e6 8. Be3
Be7 9. O-O O-O 10. Rc1 Nxd4 11. Bxd4 Bd7 12. Qd3 e5 13. Be3 Ng4 14. Bxg4 Bxg4
15. Nd5 Bg5 16. f3 Bxe3+ 17. Qxe3 Be6 18. Nb6 Rb8 19. Rfd1 Qe7 20. b3 Rbd8 21.
Rd2 f5 22. exf5 Bxf5 23. Rcd1 Rf6 24. Nd5 1-0

[Event "Int. Stuttgarter Stadtmeisterschaft B"]
[Site "Ditzingen"]
[Date "2014.05.31"]
[Round "6.7"]
[White "Schömbs, Oliver"]
[Black "Bauer, Dieter"]
[Result "1-0"]
[WhiteElo "1864"]
[BlackElo "1733"]
[PlyCount "103"]
[EventDate "2014.??.??"]
[WhiteTeam "SC Ingersheim e.V."]
[BlackTeam "SF 59 Neckartenzlingen"]

1. e4 g6 2. c4 c5 3. d4 b6 4. dxc5 bxc5 5. Qd5 Nc6 6. Qxc5 Bg7 7. Nf3 Bb7 8.
Be2 Rc8 9. Qe3 Na5 10. Nbd2 Qc7 11. Rb1 Nf6 12. h3 d6 13. b3 Nc6 14. O-O a5 15.
a3 Nd7 16. Bb2 e5 17. Ne1 O-O 18. Nd3 Nd4 19. Bd1 f5 20. exf5 Nxf5 21. Qe1 Nf6
22. Bf3 Bh6 23. Ne4 Nd7 24. Bc1 Bxc1 25. Rxc1 Nd4 26. Bd1 Qc6 27. f3 Qb6 28.
Kh1 Bxe4 29. Qxe4 Nf6 30. Qe3 Nh5 31. Re1 Ng3+ 32. Kh2 Ngf5 33. Qe4 Qd8 34. b4
axb4 35. axb4 Qg5 36. g4 Nh4 37. f4 Qf6 38. fxe5 Ndf3+ 39. Kh1 dxe5 40. Rf1 Qc6
41. Bxf3 Rxf3 42. Qxc6 Rxh3+ 43. Kg1 Rxc6 44. Ne1 e4 45. Rf4 Re6 46. c5 Rb3 47.
c6 Re8 48. c7 Rc8 49. Rxe4 Rb2 50. Rd4 Kg7 51. g5 Nf5 52. Rd7+ 1-0

[Event "Int. Stuttgarter Stadtmeisterschaft B"]
[Site "Ditzingen"]
[Date "2014.05.31"]
[Round "6.8"]
[White "Petzelberger, Ferdinand"]
[Black "Kozina, Vinko"]
[Result "1-0"]
[WhiteElo "1591"]
[BlackElo "1842"]
[PlyCount "77"]
[EventDate "2014.??.??"]
[WhiteTeam "VfL Sindelfingen"]
[BlackTeam "TSV/RSK Esslingen"]

1. e4 e5 2. Nf3 Nc6 3. Bb5 Nf6 4. O-O d6 5. d4 Bd7 6. Re1 exd4 7. Nxd4 Nxd4 8.
Bxd7+ Nxd7 9. Qxd4 Qf6 10. Qxf6 Nxf6 11. e5 dxe5 12. Rxe5+ Kd7 13. Bg5 Bd6 14.
Bxf6 gxf6 15. Re1 Rae8 16. Nd2 Re6 17. Nc4 Rhe8 18. Kf1 Bc5 19. Rad1+ Kc6 20.
Nd2 b5 21. Nf3 a5 22. Nh4 Re4 23. Nf5 R4e5 24. Nh6 R8e7 25. Ng4 Re4 26. Nxf6
Rf4 27. Rxe7 Rxf2+ 28. Ke1 Rxf6 29. Re2 a4 30. Rd3 b4 31. Rf3 Rxf3 32. gxf3 Bd4
33. b3 axb3 34. cxb3 Bc3+ 35. Kd1 Kd6 36. Re4 c5 37. Rh4 Ke5 38. Rxh7 Kf4 39.
Rxf7+ 1-0

[Event "Int. Stuttgarter Stadtmeisterschaft B"]
[Site "Ditzingen"]
[Date "2014.05.31"]
[Round "6.9"]
[White "Bried, Martin"]
[Black "Vogel, Karlheinz"]
[Result "1/2-1/2"]
[WhiteElo "1820"]
[BlackElo "1706"]
[PlyCount "43"]
[EventDate "2014.??.??"]
[WhiteTeam "SpVgg Rommelshausen"]
[BlackTeam "SV 23 Böckingen"]

1. c4 f5 2. d4 Nf6 3. Nc3 g6 4. Nf3 Bg7 5. b3 O-O 6. e3 d6 7. Bb2 Bd7 8. Be2
Qe8 9. Rc1 c6 10. O-O e5 11. h3 e4 12. Nh2 d5 13. a4 Kh8 14. cxd5 Nxd5 15. Bc4
Nxc3 16. Bxc3 Be6 17. d5 Bxc3 18. Rxc3 Bxd5 19. Qd4+ Kg8 20. Bxd5+ cxd5 21.
Qxd5+ Qf7 22. Rd1 1/2-1/2

[Event "Int. Stuttgarter Stadtmeisterschaft B"]
[Site "Ditzingen"]
[Date "2014.05.31"]
[Round "6.10"]
[White "Notz, Lukas"]
[Black "Debeljak, Anton"]
[Result "1-0"]
[WhiteElo "1743"]
[BlackElo "1637"]
[PlyCount "83"]
[EventDate "2014.??.??"]
[WhiteTeam "SV Dettingen Erms"]

1. d4 Nf6 2. c4 e6 3. Nf3 Be7 4. g3 O-O 5. Bg2 d5 6. Nbd2 c6 7. O-O Nbd7 8. Qc2
Re8 9. b3 Nf8 10. Bb2 Ng6 11. e4 dxe4 12. Nxe4 Qc7 13. h3 Nxe4 14. Qxe4 Bf6 15.
Ne5 Bxe5 16. dxe5 Rd8 17. Rfd1 Bd7 18. f4 Be8 19. h4 Qa5 20. Rd6 Rxd6 21. exd6
Qc5+ 22. Qd4 Qxd4+ 23. Bxd4 Rd8 24. c5 Ne7 25. Be4 Nd5 26. Bxd5 exd5 27. Re1
Bd7 28. Re7 Kf8 29. Kf2 Bc8 30. Rc7 f6 31. b4 h5 32. a4 a6 33. f5 Kg8 34. Kf3
Bxf5 35. Rxb7 Rd7 36. Rb6 Ra7 37. Rxc6 Bd7 38. Rc7 Rxc7 39. dxc7 Kf8 40. c6 Bc8
41. Bc5+ Kf7 42. b5 1-0

[Event "Int. Stuttgarter Stadtmeisterschaft B"]
[Site "Ditzingen"]
[Date "2014.05.31"]
[Round "6.11"]
[White "Peters, Theresa"]
[Black "Hamm, Julian"]
[Result "0-1"]
[WhiteElo "1636"]
[BlackElo "1743"]
[PlyCount "90"]
[EventDate "2014.??.??"]
[WhiteTeam "SC Hechingen"]
[BlackTeam "Mönchfelder SV 1967"]

1. e4 e5 2. Nf3 Nf6 3. Nc3 d6 4. Bc4 Be7 5. O-O O-O 6. h3 Nc6 7. Re1 Kh8 8. Ng5
Qe8 9. Nb5 Bd8 10. Kh1 h6 11. Nf3 Nd7 12. d4 Nb6 13. Bf1 f6 14. a4 Qf7 15. a5
Nd7 16. d5 Ne7 17. g4 g5 18. Nh2 Ng6 19. c4 Kg7 20. b4 a6 21. Nc3 Nf4 22. Ne2
Rh8 23. Ng3 Nf8 24. c5 h5 25. Bxf4 exf4 26. Nxh5+ Kh6 27. Nf3 Ng6 28. Rc1 Ne5
29. Nd4 Re8 30. Rc3 dxc5 31. bxc5 c6 32. Nb3 cxd5 33. exd5 Nxg4 34. hxg4 Bxg4
35. Qxg4 Qxd5+ 36. Bg2 Rxe1+ 37. Kh2 f3 38. Rxf3 Bc7+ 39. Kh3 Qe5 40. Ng3 Rh8
41. Kh2 Kg6+ 42. Bh3 Re4 43. Qd7 g4 44. Rf5 Rxh3+ 45. Kg2 Rxg3+ 0-1

[Event "Int. Stuttgarter Stadtmeisterschaft B"]
[Site "Ditzingen"]
[Date "2014.05.31"]
[Round "6.12"]
[White "Häfele, Torsten"]
[Black "Zaytsev, Evgeny"]
[Result "1-0"]
[WhiteElo "1855"]
[BlackElo "1736"]
[PlyCount "115"]
[EventDate "2014.??.??"]
[WhiteTeam "SVG Vaihingen/Enz"]
[BlackTeam "Stuttgarter SF 1879"]

1. e4 e6 2. d4 d5 3. e5 c5 4. c3 Nc6 5. Nf3 c4 6. Be2 Nge7 7. b3 b5 8. a4 Rb8
9. axb5 Na5 10. b4 Nb3 11. Rxa7 Qb6 12. Ra3 Bd7 13. Rxb3 cxb3 14. Na3 b2 15.
Bxb2 Rc8 16. Qa4 Ng6 17. g3 Be7 18. Qa6 Bd8 19. Qxb6 Bxb6 20. Nd2 Ne7 21. Nb3
O-O 22. Nc5 Rfd8 23. Kd2 f6 24. exf6 gxf6 25. f4 Ra8 26. Nxd7 Rxd7 27. Re1 Rda7
28. Ra1 Ng6 29. Bf3 Rd8 30. Nc2 Rxa1 31. Bxa1 e5 32. f5 Ne7 33. g4 e4 34. Be2
h5 35. c4 dxc4 36. Bxc4+ Kh7 37. h3 hxg4 38. hxg4 Kh6 39. Ke3 Kg5 40. Be2 Rc8
41. Kd2 Nd5 42. Na3 e3+ 43. Kd1 Rh8 44. Nc2 Rh1+ 45. Ne1 Nf4 46. Bf3 Nd3 47.
Bxh1 Nf2+ 48. Ke2 Nxh1 49. Kxe3 Kxg4 50. Kd3 Kxf5 51. d5 Nf2+ 52. Kc4 Ne4 53.
Bd4 Nd6+ 54. Kd3 Bxd4 55. Kxd4 Nxb5+ 56. Kc5 Na7 57. b5 Ke5 58. b6 1-0

[Event "Int. Stuttgarter Stadtmeisterschaft B"]
[Site "Ditzingen"]
[Date "2014.05.31"]
[Round "6.13"]
[White "Goda, Frederic"]
[Black "Winkler, Tim"]
[Result "1-0"]
[WhiteElo "1718"]
[BlackElo "1827"]
[PlyCount "65"]
[EventDate "2014.??.??"]
[WhiteTeam "SC Weiße Dame Ulm e.V."]
[BlackTeam "SF Deizisau"]

1. d4 Nf6 2. Nf3 g6 3. Bf4 Bg7 4. e3 d6 5. Be2 a6 6. c4 Nbd7 7. h3 c5 8. O-O
O-O 9. Nc3 b6 10. a4 a5 11. Qc2 Bb7 12. d5 Nb8 13. e4 Na6 14. Rad1 Nb4 15. Qc1
Nh5 16. Bh6 Qc7 17. Bxg7 Kxg7 18. Nh4 Nf6 19. Qg5 Rad8 20. f4 Bc8 21. e5 Ng8
22. Ne4 Nc2 23. f5 dxe5 24. fxg6 fxg6 25. Bh5 Nf6 26. Bxg6 hxg6 27. Qxg6+ Kh8
28. Qh6+ Kg8 29. Qg5+ Kh7 30. Qg6+ Kh8 31. Ng5 Ne3 32. Qh6+ Kg8 33. Ng6 1-0

[Event "Int. Stuttgarter Stadtmeisterschaft B"]
[Site "Ditzingen"]
[Date "2014.05.31"]
[Round "6.14"]
[White "Fais, Sami"]
[Black "Fuchs, Egbert"]
[Result "1/2-1/2"]
[WhiteElo "1827"]
[BlackElo "1692"]
[PlyCount "90"]
[EventDate "2014.??.??"]
[WhiteTeam "VfL Sindelfingen"]
[BlackTeam "SVG Vaihingen/Enz"]

1. d4 Nf6 2. Nf3 g6 3. c4 d5 4. cxd5 Nxd5 5. e4 Nb6 6. Nc3 Bg7 7. Bd3 O-O 8.
O-O Bg4 9. d5 N8d7 10. Be2 Rc8 11. h3 Bxf3 12. Bxf3 c6 13. dxc6 bxc6 14. Qc2
Qc7 15. Be2 Ne5 16. f4 Ned7 17. Ba6 Rcd8 18. Be3 Qd6 19. Rad1 Qb4 20. e5 Nb8
21. a3 Qa5 22. Rxd8 Rxd8 23. Be2 Nd5 24. Nxd5 cxd5 25. Rc1 d4 26. Bd2 Qb6 27.
Kh1 e6 28. Qc7 Bf8 29. b4 d3 30. Bf3 Qd4 31. Qc3 Qd7 32. Qc7 Qd4 33. Qc3 Qd7
34. Bc6 Nxc6 35. Qxc6 Qd4 36. Qc3 Qf2 37. Rd1 Bh6 38. Qc1 Bf8 39. Rf1 Qb6 40.
Qc3 Be7 41. Kh2 Rd5 42. Rf3 Qd8 43. Re3 Rd4 44. Rf3 Rd5 45. Re3 Rd4 1/2-1/2

[Event "Int. Stuttgarter Stadtmeisterschaft B"]
[Site "Ditzingen"]
[Date "2014.05.31"]
[Round "6.15"]
[White "Hornung, Richard"]
[Black "Pietzka, Martin"]
[Result "0-1"]
[WhiteElo "1734"]
[BlackElo "1805"]
[PlyCount "70"]
[EventDate "2014.??.??"]
[WhiteTeam "SG Schwabing München Nord e.V."]
[BlackTeam "SV Nürtingen 1920"]

1. d4 Nf6 2. Nf3 e6 3. e3 b6 4. Bd3 Bb7 5. O-O Be7 6. c4 O-O 7. Nbd2 d5 8. Qc2
h6 9. b3 a5 10. Bb2 Na6 11. a3 Rc8 12. Ne5 c5 13. Qd1 Bd6 14. f4 Bb8 15. Ng4
Ne4 16. Bxe4 dxe4 17. d5 f5 18. Ne5 Bxe5 19. Bxe5 exd5 20. cxd5 Bxd5 21. Qe2
Bb7 22. Rfd1 Qe8 23. Nc4 Qb5 24. Qb2 Rc7 25. Bxc7 Nxc7 26. Rd6 Nd5 27. Rd1 a4
28. R1xd5 Bxd5 29. Rxd5 Qxb3 30. Qxb3 axb3 31. Nb2 Rc8 32. Rd1 c4 33. a4 c3 34.
Rb1 cxb2 35. Rxb2 Rc1+ 0-1

[Event "Int. Stuttgarter Stadtmeisterschaft B"]
[Site "Ditzingen"]
[Date "2014.05.31"]
[Round "6.16"]
[White "Schwarz, Manuel"]
[Black "Rieder, Josef"]
[Result "0-1"]
[WhiteElo "1537"]
[BlackElo "1803"]
[PlyCount "104"]
[EventDate "2014.??.??"]
[WhiteTeam "SVG Vaihingen/Enz"]
[BlackTeam "Stuttgarter SF 1879"]

1. Nf3 c5 2. c4 g6 3. Nc3 Bg7 4. g3 Nf6 5. Bg2 Nc6 6. O-O O-O 7. b3 d5 8. cxd5
Nxd5 9. Bb2 Bf5 10. Qc1 Nxc3 11. Bxc3 Nd4 12. Bxd4 cxd4 13. d3 Qd7 14. Qa3 b6
15. Nh4 Rac8 16. Nxf5 gxf5 17. f4 Rc2 18. Bf3 Rfc8 19. Rac1 a5 20. Rxc2 Rxc2
21. Rc1 Rc3 22. Rf1 Bf8 23. Qb2 Qc7 24. Kg2 e6 25. a3 Qc5 26. b4 axb4 27. axb4
Qxb4 28. Qxb4 Bxb4 29. Rb1 Bc5 30. Kh3 Ra3 31. Kh4 Kg7 32. Kh3 f6 33. g4 fxg4+
34. Bxg4 f5 35. Bf3 Kf6 36. Kg2 Ra7 37. Bc6 Rc7 38. Ba4 Rg7+ 39. Kf3 Rg4 40. h3
Rh4 41. Kg3 Rh6 42. Bc6 e5 43. fxe5+ Kxe5 44. Be8 Re6 45. Bd7 Re7 46. Bc8 Kf6
47. Rf1 Bd6+ 48. Kh4 f4 49. Bg4 b5 50. Rb1 b4 51. Bf3 Rg7 52. Rb2 Kg6 0-1

[Event "Int. Stuttgarter Stadtmeisterschaft B"]
[Site "Ditzingen"]
[Date "2014.05.31"]
[Round "6.17"]
[White "Günay, Nuri"]
[Black "Michna, Marcus"]
[Result "0-1"]
[WhiteElo "1611"]
[BlackElo "1774"]
[PlyCount "82"]
[EventDate "2014.??.??"]
[WhiteTeam "SK Sachsenheim"]
[BlackTeam "TSF Ditzingen"]

1. d4 Nf6 2. c4 c5 3. d5 b5 4. cxb5 a6 5. b6 e6 6. Nc3 Bb7 7. e4 Qxb6 8. Nf3
Be7 9. Na4 Qb4+ 10. Bd2 Qxe4+ 11. Be2 Nxd5 12. O-O Bc6 13. Nc3 Qg6 14. Ne5 Qf5
15. f4 Nxc3 16. Bxc3 Qe4 17. Bf3 Qe3+ 18. Kh1 Bxf3 19. Rxf3 Qe4 20. Qb3 O-O 21.
Re1 Qd5 22. Qb6 Bd8 23. Qb3 Qxb3 24. axb3 d5 25. Rc1 f6 26. Nd3 Nd7 27. b4 c4
28. Nc5 Nxc5 29. bxc5 Be7 30. Re3 Kf7 31. Rce1 Bxc5 32. Rxe6 Rfe8 33. Rxe8 Rxe8
34. Ra1 d4 35. Be1 Re2 36. Rb1 d3 37. Bg3 Bf2 38. Bxf2 Rxf2 39. Kg1 Rxf4 40. g3
Re4 41. Rc1 d2 0-1

[Event "Int. Stuttgarter Stadtmeisterschaft B"]
[Site "Ditzingen"]
[Date "2014.05.31"]
[Round "6.18"]
[White "Reichardt, Bernd"]
[Black "Kußmann, Alexander"]
[Result "0-1"]
[WhiteElo "1759"]
[BlackElo "1657"]
[PlyCount "102"]
[EventDate "2014.??.??"]
[WhiteTeam "SF Markgräflerland e."]
[BlackTeam "SC Aidlingen"]

1. Nf3 e6 2. c4 c5 3. g3 Nf6 4. Bg2 Be7 5. O-O O-O 6. b3 d6 7. Nc3 Nbd7 8. d4
d5 9. cxd5 exd5 10. dxc5 Nxc5 11. Bb2 Nce4 12. Nd4 Bb4 13. Qd3 Bxc3 14. Bxc3
Nxc3 15. Qxc3 Be6 16. Nxe6 fxe6 17. Qe5 Qb6 18. Bh3 Rae8 19. e3 Ne4 20. Bg2 Nd2
21. Rfd1 Nf3+ 22. Bxf3 Rxf3 23. Rxd5 Rf5 24. Qxf5 exf5 25. Rxf5 Rf8 26. Rxf8+
Kxf8 27. Rc1 Ke7 28. Rc4 g5 29. h4 gxh4 30. Rxh4 Qg6 31. Kg2 Kd7 32. a4 a5 33.
e4 Kd6 34. f3 Ke5 35. Rf4 Kd4 36. Rf5 b6 37. Rb5 h5 38. b4 h4 39. g4 axb4 40.
Rxb4+ Kc3 41. Rb5 Qd6 42. e5 Qd2+ 43. Kf1 h3 44. e6 Qg2+ 45. Ke1 h2 46. Rh5
h1=Q+ 47. Rxh1 Qxh1+ 48. Kf2 Qh2+ 49. Kf1 Kd3 50. e7 Qe2+ 51. Kg1 Qxe7 0-1

[Event "Int. Stuttgarter Stadtmeisterschaft B"]
[Site "Ditzingen"]
[Date "2014.05.31"]
[Round "6.19"]
[White "Fischer, Reinhardt"]
[Black "Gorb, Eugeniusz"]
[Result "0-1"]
[WhiteElo "1756"]
[BlackElo "1657"]
[PlyCount "30"]
[EventDate "2014.??.??"]
[WhiteTeam "SK 1912 Ludwigshafen"]
[BlackTeam "SK Sachsenheim"]

1. e4 e6 2. d4 d5 3. exd5 exd5 4. c4 dxc4 5. Bxc4 Bd6 6. Nc3 Ne7 7. Nf3 O-O 8.
Ng5 h6 9. Nxf7 Rxf7 10. Qh5 Qf8 11. Ne4 Nd7 12. g4 b5 13. Be6 g6 14. Bxf7+ Qxf7
15. Nxd6 Qe6+ 0-1

[Event "Int. Stuttgarter Stadtmeisterschaft B"]
[Site "Ditzingen"]
[Date "2014.05.31"]
[Round "6.20"]
[White "Narr, Matthias"]
[Black "Lechler, Walter"]
[Result "1-0"]
[WhiteElo "1743"]
[BlackElo "1561"]
[PlyCount "89"]
[EventDate "2014.??.??"]
[WhiteTeam "SR Heuberg-Gosheim"]
[BlackTeam "SK Dinkelsbühl e.V."]

1. e4 c5 2. Nc3 d6 3. f4 Nc6 4. Nf3 Nf6 5. a3 e6 6. Bb5 Bd7 7. Bc4 Bc8 8. Bb5
Bd7 9. d3 Be7 10. O-O O-O 11. Qe1 Nd4 12. Nxd4 cxd4 13. Bxd7 Qxd7 14. Ne2 e5
15. f5 d5 16. Qg3 Kh8 17. Qxe5 dxe4 18. dxe4 Rac8 19. c3 dxc3 20. Nxc3 Rfe8 21.
Qf4 Bd6 22. Qf3 Be5 23. Rd1 Qc7 24. Nd5 Nxd5 25. exd5 Bxh2+ 26. Kh1 Bd6 27. f6
g6 28. Bd2 Qd7 29. g4 Rc2 30. Rac1 Rxc1 31. Rxc1 Kg8 32. Kg2 Qb5 33. Bc3 Re2+
34. Kg1 Qc5+ 35. Kf1 Rh2 36. Re1 Qb5+ 37. Kg1 Qc5+ 38. Qe3 Qxe3+ 39. Rxe3 h5
40. Bb4 Bf4 41. d6 Bxe3+ 42. Kxh2 Bb6 43. d7 hxg4 44. Be7 Kh7 45. Kg3 1-0

[Event "Int. Stuttgarter Stadtmeisterschaft B"]
[Site "Ditzingen"]
[Date "2014.05.31"]
[Round "6.21"]
[White "Lehmann, Stefan"]
[Black "Mayer, Markus"]
[Result "1-0"]
[WhiteElo "1866"]
[BlackElo "1631"]
[PlyCount "57"]
[EventDate "2014.??.??"]
[WhiteTeam "Ssg Fils-Lauter e. V."]
[BlackTeam "SC Erdmannhausen"]

1. e4 e6 2. Qe2 Be7 3. g3 c5 4. Bg2 Nc6 5. Nf3 d5 6. d3 Nf6 7. O-O O-O 8. Nc3
d4 9. Nd1 e5 10. Nd2 b5 11. f4 Qc7 12. Nf3 Bd6 13. f5 Ba6 14. Nf2 Qb6 15. g4 c4
16. g5 Nd7 17. Nh4 Rac8 18. Qh5 Rfe8 19. Ng4 Nf8 20. g6 hxg6 21. fxg6 fxg6 22.
Nxg6 Nh7 23. Bg5 cxd3 24. cxd3 b4 25. Rf3 b3 26. Rh3 Nxg5 27. Qxg5 Kf7 28. Rf1+
Ke6 29. Qf5# 1-0

[Event "Int. Stuttgarter Stadtmeisterschaft B"]
[Site "Ditzingen"]
[Date "2014.05.31"]
[Round "6.22"]
[White "Domingos, Antonio"]
[Black "Schröder, Stefan"]
[Result "0-1"]
[WhiteElo "1690"]
[BlackElo "1845"]
[PlyCount "66"]
[EventDate "2014.??.??"]
[WhiteTeam "SF Oeffingen e.V."]
[BlackTeam "EUROCOPTER SG Donauwörth e.V."]

1. e4 d5 2. exd5 Qxd5 3. d4 Nc6 4. Ne2 e5 5. Nbc3 Bb4 6. Bd2 Bxc3 7. Bxc3 exd4
8. Nxd4 Nxd4 9. Qxd4 Qxd4 10. Bxd4 f6 11. Bc4 Bf5 12. O-O-O O-O-O 13. Bxa7 Ne7
14. Be3 Nc6 15. c3 Ne5 16. Be2 Rhe8 17. Rxd8+ Kxd8 18. Rd1+ Kc8 19. Rd4 Bd7 20.
Rh4 h6 21. Rd4 Bc6 22. Bg4+ Nxg4 23. Rxg4 g5 24. g3 Kd7 25. Kd2 Ke6 26. Rd4 Bf3
27. a4 c5 28. Rc4 Rd8+ 29. Kc2 Bd1+ 30. Kb1 b6 31. Ka2 Kd5 32. b3 Be2 33. Bxc5
bxc5 0-1

[Event "Int. Stuttgarter Stadtmeisterschaft B"]
[Site "Ditzingen"]
[Date "2014.05.31"]
[Round "6.23"]
[White "Behm, Wilfried"]
[Black "Steinmassl, Guido"]
[Result "1/2-1/2"]
[WhiteElo "1844"]
[BlackElo "1617"]
[PlyCount "66"]
[EventDate "2014.??.??"]
[WhiteTeam "SV Stuttgart-Wolfbusch 1956 e.V."]
[BlackTeam "SK e4 Gerlingen"]

1. d4 d5 2. c4 e6 3. Nc3 Nf6 4. Nf3 c6 5. e3 Nbd7 6. Bd3 dxc4 7. Bxc4 Nb6 8.
Bd3 c5 9. O-O a6 10. Qc2 Bd7 11. Rd1 Rc8 12. Qe2 c4 13. Bc2 Nbd5 14. e4 Nxc3
15. bxc3 Qa5 16. d5 Ba3 17. Bg5 Bb2 18. Rab1 Qxc3 19. dxe6 fxe6 20. Bxf6 gxf6
21. Rd2 Qb4 22. Rbd1 Rc7 23. Nh4 Kd8 24. Qh5 Bc3 25. Rd6 Kc8 26. Ng6 Rd8 27.
Ne7+ Kb8 28. Rxd7 Rcxd7 29. Rxd7 Rf8 30. Qd1 Be5 31. Rd8+ Rxd8 32. Qxd8+ Ka7
33. Nc8+ Kb8 1/2-1/2

[Event "Int. Stuttgarter Stadtmeisterschaft B"]
[Site "Ditzingen"]
[Date "2014.05.31"]
[Round "6.24"]
[White "Wezel, Sebastian"]
[Black "Pfeilsticker, Thorsten"]
[Result "1-0"]
[WhiteElo "1843"]
[BlackElo "1609"]
[PlyCount "38"]
[EventDate "2014.??.??"]
[WhiteTeam "SV Dettingen Erms"]
[BlackTeam "SV Stuttgart-Wolfbusch 1956 e.V."]

1. e4 c5 2. Nf3 a6 3. Nc3 b5 4. d4 cxd4 5. Nxd4 Bb7 6. Bd3 e5 7. Nf5 g6 8. Ne3
Bb4 9. O-O Bxc3 10. bxc3 Nf6 11. f4 exf4 12. Rxf4 g5 13. Rf5 Nxe4 14. Bxe4 Bxe4
15. Re5+ Kf8 16. Qd6+ Kg7 17. Rxe4 Nc6 18. Nf5+ Kg8 19. Qh6 Qb6+ 1-0

[Event "Int. Stuttgarter Stadtmeisterschaft B"]
[Site "Ditzingen"]
[Date "2014.05.31"]
[Round "6.25"]
[White "Gheng, Dominik"]
[Black "Rühl, Volker"]
[Result "1-0"]
[WhiteElo "1556"]
[BlackElo "1831"]
[PlyCount "63"]
[EventDate "2014.??.??"]
[WhiteTeam "Schach-Kids Bernhausen e.V."]
[BlackTeam "VfL Sindelfingen"]

1. e4 d6 2. d4 Nf6 3. Nc3 g6 4. Be3 Bg7 5. Qd2 h6 6. h3 c6 7. O-O-O b5 8. e5
dxe5 9. dxe5 Qxd2+ 10. Rxd2 Nh7 11. Bd3 Bf5 12. Bxf5 gxf5 13. f4 Nf8 14. Nf3
Ng6 15. Nd4 e6 16. Rhd1 O-O 17. Nb3 Na6 18. g3 Nb4 19. Bc5 Nd5 20. Bxf8 Bxf8
21. Nxd5 cxd5 22. Rd3 a5 23. Rc3 a4 24. Nd4 b4 25. Rc7 Ra5 26. Rc8 Kg7 27. Rd3
h5 28. Rc7 Kh6 29. Rxf7 Ra6 30. Rf6 Bc5 31. Nxf5+ Kh7 32. Rxd5 1-0

[Event "Int. Stuttgarter Stadtmeisterschaft B"]
[Site "Ditzingen"]
[Date "2014.05.31"]
[Round "6.26"]
[White "Tölg, Wolfgang"]
[Black "Schmidt, Heiko"]
[Result "1/2-1/2"]
[WhiteElo "1772"]
[BlackElo "1578"]
[PlyCount "199"]
[EventDate "2014.??.??"]
[WhiteTeam "SF Oeffingen e.V."]
[BlackTeam "SC Stetten a.d.F."]

1. e4 b6 2. d4 Bb7 3. Nc3 Nf6 4. f3 e6 5. Bc4 d5 6. exd5 Nxd5 7. Nge2 Nxc3 8.
Nxc3 Bb4 9. Qd3 Nd7 10. b3 Bd6 11. Ne4 Be7 12. O-O Nf6 13. b4 O-O 14. b5 Nd5
15. Bd2 c5 16. bxc6 Bxc6 17. Bb5 Bb7 18. a4 f5 19. Ng3 Rf6 20. Bc4 Rg6 21. Rfe1
Bd6 22. Nxf5 exf5 23. Qxf5 Bc7 24. Re6 Rxe6 25. Qxe6+ Kh8 26. Re1 Nf6 27. Bc3
Bd5 28. Bxd5 Qxd5 29. Qe7 Bd6 30. Qe2 Qc6 31. Qd3 Re8 32. Ra1 Nd5 33. Bd2 Bb4
34. Bxb4 Nxb4 35. Qb5 Qxb5 36. axb5 Nxc2 37. Rxa7 Nxd4 38. Rb7 Nxb5 39. Rxb6
Nd4 40. Kf1 h6 41. Rd6 Nf5 42. Rd3 Rb8 43. g4 Nh4 44. Kf2 Ng6 45. Kg3 Rf8 46.
Ra3 Nf4 47. Re3 Kh7 48. Ra3 Kg6 49. Ra6+ Kh7 50. Ra7 Rf6 51. Rb7 Ne2+ 52. Kg2
Nd4 53. Ra7 Nxf3 54. Ra3 Ng5 55. Re3 Kg6 56. h4 Ne6 57. Kg3 Kf7 58. Ra3 Rg6 59.
Ra7+ Kg8 60. Ra8+ Kh7 61. Ra7 h5 62. g5 Nxg5 63. hxg5 Rxg5+ 64. Kh4 Kh6 65.
Ra6+ g6 66. Ra8 Rg4+ 67. Kh3 Rf4 68. Kg3 Kg5 69. Ra5+ Rf5 70. Ra4 Re5 71. Ra3
h4+ 72. Kh3 Kh5 73. Rb3 g5 74. Rc3 g4+ 75. Kg2 Kg5 76. Rc4 Kf5 77. Kf2 Re4 78.
Rc5+ Kf4 79. Rc8 g3+ 80. Kg2 Re2+ 81. Kg1 Kg4 82. Rc4+ Kh3 83. Kf1 Ra2 84. Rc3
Ra1+ 85. Ke2 Kh2 86. Rc2 g2 87. Kf3 Rf1+ 88. Kg4 Kh1 89. Rxg2 Kxg2 90. Kxh4 Rf8
91. Kg4 Rh8 92. Kf4 Rh5 93. Ke4 Kf2 94. Kd4 Ke2 95. Kc4 Kd2 96. Kd4 Kc2 97. Kc4
Kd2 98. Kd4 Rg5 99. Ke4 Ke2 100. Kf4 1/2-1/2

[Event "Int. Stuttgarter Stadtmeisterschaft B"]
[Site "Ditzingen"]
[Date "2014.05.31"]
[Round "6.27"]
[White "Sax, Leon"]
[Black "Kissel, Ralf"]
[Result "1/2-1/2"]
[WhiteElo "1475"]
[BlackElo "1759"]
[PlyCount "74"]
[EventDate "2014.??.??"]
[WhiteTeam "SK Sachsenheim"]
[BlackTeam "SK 1912 Ludwigshafen"]

1. e4 e6 2. d4 d5 3. e5 c5 4. c3 Nc6 5. Nf3 Nh6 6. Bd3 Bd7 7. a3 cxd4 8. cxd4
Qb6 9. Bc2 Rc8 10. b4 a6 11. Bb2 Be7 12. Nbd2 O-O 13. Rc1 f6 14. Nb3 fxe5 15.
dxe5 Be8 16. O-O Bh5 17. Qd3 Bg6 18. Qd2 Bxc2 19. Rxc2 Nf7 20. Rfc1 h6 21. Nc5
Bxc5 22. Rxc5 Qd8 23. Nd4 Qd7 24. Nxc6 bxc6 25. f4 Nd8 26. g3 Qf7 27. Qe2 Ra8
28. Bd4 Qg6 29. R5c3 Rxf4 30. Bb6 Re4 31. Qf1 Rxe5 32. Bxd8 Rxd8 33. Rxc6 Qe4
34. Rxa6 Qe3+ 35. Kh1 Rf5 36. Qe1 Qf3+ 37. Kg1 e5 1/2-1/2

[Event "Int. Stuttgarter Stadtmeisterschaft B"]
[Site "Ditzingen"]
[Date "2014.05.31"]
[Round "6.28"]
[White "Fürderer, Carl"]
[Black "Schmitz, Harald"]
[Result "1/2-1/2"]
[WhiteElo "1547"]
[BlackElo "1726"]
[PlyCount "27"]
[EventDate "2014.??.??"]
[WhiteTeam "SC Weiße Dame Ulm e.V."]
[BlackTeam "SC Aidlingen"]

1. e4 e6 2. d4 d5 3. exd5 exd5 4. Bd3 Bd6 5. Ne2 Ne7 6. O-O O-O 7. Re1 Bf5 8.
Bf4 Bxd3 9. Bxd6 Qxd6 10. Qxd3 Nd7 11. Nd2 c6 12. Qg3 Qxg3 13. Nxg3 Rfe8 14.
Nf3 1/2-1/2

[Event "Int. Stuttgarter Stadtmeisterschaft B"]
[Site "Ditzingen"]
[Date "2014.05.31"]
[Round "6.29"]
[White "Kusch, Jacek"]
[Black "Haro, Niel"]
[Result "1-0"]
[WhiteElo "1720"]
[BlackElo "1526"]
[PlyCount "89"]
[EventDate "2014.??.??"]
[WhiteTeam "SV Urach"]
[BlackTeam "Stuttgarter SF 1879"]

1. e4 Nc6 2. Nf3 e6 3. d4 Bb4+ 4. c3 Ba5 5. a4 a6 6. Bd3 Nf6 7. Bg5 h6 8. Bh4
d6 9. b4 Bb6 10. O-O Bd7 11. Re1 g5 12. Nxg5 hxg5 13. Bxg5 Qe7 14. Qf3 Nxd4 15.
Qxf6 Nf3+ 16. gxf3 Qxf6 17. Bxf6 Rh6 18. e5 dxe5 19. Bxe5 O-O-O 20. Bc2 f5 21.
Kf1 Bc6 22. Bd1 Rg6 23. Na3 Rdg8 24. Bg3 f4 25. Bxf4 Rg1+ 26. Ke2 Bxf3+ 27.
Kxf3 Rxe1 28. Nc2 Rf1 29. Ne3 Bxe3 30. Kxe3 Rd8 31. Ke2 Rh1 32. Rb1 Rg1 33. Bg3
b6 34. Bc2 Rxb1 35. Bxb1 c5 36. bxc5 bxc5 37. Bd3 a5 38. Bc4 Kd7 39. h4 Rh8 40.
Bd3 Rh6 41. Kf3 Rh5 42. Bg6 Rd5 43. h5 Ke7 44. Bh4+ Kf8 45. h6 1-0

[Event "Int. Stuttgarter Stadtmeisterschaft B"]
[Site "Ditzingen"]
[Date "2014.05.31"]
[Round "6.30"]
[White "Mejerski, Stephan"]
[Black "Bannach, Joerg"]
[Result "1/2-1/2"]
[WhiteElo "1672"]
[BlackElo "1863"]
[PlyCount "37"]
[EventDate "2014.??.??"]
[WhiteTeam "SK Schmiden/Cannstatt"]
[BlackTeam "SF Augsburg"]

1. e4 e6 2. Nc3 d5 3. exd5 exd5 4. d4 Bf5 5. Bd3 Bxd3 6. Qxd3 c6 7. Nf3 Nf6 8.
Bg5 Be7 9. O-O Nbd7 10. Ne2 Ne4 11. Bxe7 Qxe7 12. Ng3 O-O-O 13. Rfe1 Ndf6 14.
Nd2 Qb4 15. Ndxe4 dxe4 16. Nxe4 Qxd4 17. Qxd4 Rxd4 18. Nxf6 gxf6 19. Rad1
1/2-1/2